00995nam a2200265 i 4500003000900000005001700009007000300026008004100029020001800070040003000088041000800118082003100126100004900157245012700206264005500333300002700388336002700415337003300442338002800475500005700503504004000560600006100600650003100661700003700692DO-SdBNP20260321073646.0ta250808b2025 dr ||||| |||| 00| 0 spa d a9789945501957 aDO-SdBNPbspacBNPHUerda aspa 4aRD863.4409bP438J 20252221 aPérez Mateo, Santiago,d1969-eautor4aut.10aJuan Bosch, visión humanista en su narratividad :bnovelas y cuentos /cSantiago Pérez Mateo ; prólogo, Julio Cuevas 4aSanto Domingo :bEditora no identificada,c©2025. a335 páginas ;c27 cm atextobtxt2rdacontent asin mediaciónbn2rdamedia avolumenbnc2rdacarrier aIncluye datos biográficos del autor en la cubierta aBibliografía : páginas 327-33510a Bosch, Juan, d1909-2001xCrítica e interpretación. 4aHumanismo en la literatura1 aCuevas, Julio,eprologuista4pr.